000 00479nam a2200181Ia 4500
001 7880
005 20260306160528.0
008 260306t2008||||xx |||||||||||||| ||spa||
041 _aESP
082 _a363.6
_bC75
100 _aColoma Elías, Guillermo W.
_eAUT
245 0 _aLas grandes obras públicas realizadas por el presidente don Manuel A. Odría
260 _c2008
300 _a128 páginas :
_c24 cm.
650 _aGEN
654 _aCAN
942 _cLIB
_dJUS
_fJUS
_2ddc
_n
999 _c7880
_d7880